Indiana University mathematics journal
Saved in:
| Corporate Author: | |
|---|---|
| Format: | Serial |
| Language: | English |
| Published: |
Bloomington, IN. :
Indiana University,
1970-
|
| Subjects: | |
| Tags: |
Add Tag
No Tags, Be the first to tag this record!
|
MARC
| LEADER | 00000nas a2200000 i 4500 | ||
|---|---|---|---|
| 001 | 1/102642 | ||
| 008 | 000225c19709999 eng d | ||
| 022 | |a 00959057 | ||
| 035 | |l 10058164 | ||
| 040 | |a GR-MY-UA |b gre |e aacr | ||
| 041 | 0 | |a eng | |
| 082 | 0 | |a 510.5 | |
| 245 | 1 | 0 | |a Indiana University mathematics journal |h [περιοδικό] |
| 246 | 3 | 3 | |a Mathematics journal |
| 260 | |a Bloomington, IN. : |b Indiana University, |c 1970- | ||
| 300 | |a v.; |b ill.; |c 26 cm. | ||
| 310 | |a Monthly, 1970- | ||
| 650 | 0 | 0 | |a Mathematics |x Periodicals. |
| 710 | 0 | |a Indiana University |b Dept. of mathematics. | |
| 853 | |a INST |b SAMOS |c SER | ||
| 922 | |a 3ΕΛΗ |b 197001 |c ΤΜΗΜΑ ΜΑΘΗΜΑΤΙΚΩΝ |d ΚΑΟΥΦΜΑΝ | ||